| 000 | 01389nam a22002297a 4500 | ||
|---|---|---|---|
| 005 | 20260422100322.0 | ||
| 008 | 260421b |||||||| |||| 00| 0 eng d | ||
| 020 | _a9780631229995 | ||
| 037 | _cTexual | ||
| 040 |
_aRTL _cRTL |
||
| 084 |
_aY2 P4 _qRTL |
||
| 100 |
_aParkin, Robert _91235255 |
||
| 245 | _aKinship and family: an anthropological reader | ||
| 260 |
_aUSA _bBlackwell Publishing _c2004 |
||
| 300 |
_bxiii, 479 p. : ill. _cIncludes bibliographical references and index |
||
| 520 | _aThe most comprehensive reader on kinship available, Kinship and Family: An Anthropological Reader is a representative collection tracing the history of the anthropological study of kinship from the early 1900s to the present day.Brings together for the first time both classic works from Evans-Pritchard, Lévi-Strauss, Leach, and Schneider, as well as articles on such electrifying contemporary debates as surrogate motherhood, and gay and lesbian kinship.Draws on the editors’ complementary areas of expertise to offer readers a single-volume survey of the most important and critical work on kinship. Includes extensive discussion and analysis of the selections that contextualizes them within theoretical debates. | ||
| 650 | _aFamily | ||
| 650 | _aKinship | ||
| 650 |
_aMarriage _940925 |
||
| 700 |
_aStone, Linda _9997671 |
||
| 942 |
_2CC _cTB _hY2 P4 _n0 |
||
| 999 |
_c1848347 _d1848347 |
||